000 00729nam a2200205 i 4500
001 152477
003 ES-MaACL
005 20250603174235.0
008 931025s1888 sp |||| | spa d
100 1 _aBotella, Cristóbal,
_d1867-1921
_930745
245 1 0 _aEl problema de la emigracion
_b: memoria /
_cpor Cristobal Botella.
250 _a2ª ed.
260 _aMadrid :
_b[s.n.],
_c1888 (
_fTip. de los Huerfanos)
300 _a256 p. ;
_c26 cm.
500 1 _aMemoria premiada por la Real Academia de Ciencias Morales y Políticas.
651 7 _aEspaña-
_xEmigración
_2
_9147695
852 _aES-MaACL
_jF-6717
_z-- Enc. tela
852 _aES-MaACL
_j1641-F-11
_z-- Rúst. deteriorada
999 _c152477
_d152477